[Event "SWE-chT 1112"]
[Site "Sweden"]
[Date "2012.01.15"]
[Round "6"]
[White "Carlhammar, Magnus"]
[Black "Johansson, Linus"]
[Result "1-0"]
[WhiteElo "2306"]
[BlackElo "2195"]
[PlyCount "103"]
[EventDate "2011.10.07"]
[EventType "team-tourn"]
[EventRounds "9"]
[EventCountry "SWE"]
[SourceTitle "EXT 2013"]
[Source "ChessBase"]
[SourceDate "2012.11.22"]
[SourceVersion "1"]
[SourceVersionDate "2012.11.22"]
[SourceQuality "1"]
[WhiteTeam "Manhem"]
[BlackTeam "Limhamn"]
[WhiteTeamCountry "SWE"]
[BlackTeamCountry "SWE"]

1. Nf3 Nf6 2. c4 e6 3. g3 b6 4. Bg2 Bb7 5. 0-0 Be7 6. Nc3 0-0 7. Re1 c5 8. e4 d6 9. d4 cxd4 10. Nxd4 a6 11. e5 dxe5 12. Bxb7 Ra7 13. Nc6 Qxd1 14. Nxe7+ Kh8 15. Rxd1 Rxb7 16. b3 b5 17. Be3 Re8 18. Bc5 b4 19. Ncd5 exd5 20. Nxd5 Nxd5 21. Rxd5 Kg8 22. Rad1 f6 23. Rd6 Rc8 24. R1d5 Kf7 25. Kg2 a5 26. Rb6 Rxb6 27. Bxb6 a4 28. Rb5 axb3 29. axb3 Nc6 30. Bc5 Kg6 31. Kf3 h5 32. Ke4 Rd8 33. Rb6 Na5 34. Rxb4 Rd1 35. Rb5 Nc6 36. Rb6 Nd8 37. Be3 Kf7 38. c5 Ke7 39. h4 g6 40. b4 Nf7 41. Rb7+ Ke6 42. Rb6+ Ke7 43. b5 Nd8 44. Ra6 Rb1 45. c6 f5+ 46. Kd3 Ne6 47. Ra7+ Kd8 48. Kc4 f4 49. Bb6+ Ke8 50. Kd5 Nd8 51. Bxd8 fxg3 52. fxg3 1-0

[Event "SWE-chT 1112"]
[Site "Sweden"]
[Date "2011.10.09"]
[Round "3"]
[White "Bator, Robert"]
[Black "Carlhammar, Magnus"]
[Result "1-0"]
[WhiteElo "2411"]
[BlackElo "2306"]
[PlyCount "58"]
[EventDate "2011.10.07"]
[EventType "team-tourn"]
[EventRounds "9"]
[EventCountry "SWE"]
[SourceTitle "EXT 2012"]
[Source "ChessBase"]
[SourceDate "2011.11.24"]
[SourceVersion "1"]
[SourceVersionDate "2011.11.24"]
[SourceQuality "1"]
[WhiteTeam "Umea Rockaden"]
[BlackTeam "Manhem"]
[WhiteTeamCountry "SWE"]
[BlackTeamCountry "SWE"]

1. d4 d6 2. g3 Nf6 3. Bg2 Nbd7 4. e4 e5 5. Ne2 Be7 6. h3 h5 7. Be3 c6 8. c4 a6 9. a4 a5 10. Nbc3 Nf8 11. Qc2 Ng6 12. f4 h4 13. 0-0-0 Qc7 14. c5 exd4 15. cxd6 Bxd6 16. Bxd4 hxg3 17. e5 Nxe5 18. fxe5 Bxe5 19. Ne4 Nd5 20. Qc5 Rh6 21. N2c3 Be6 22. Bxe5 Qxe5 23. Nd6+ Kd7 24. Nc4 Qf4+ 25. Kb1 Ke8 26. Nxd5 cxd5 27. Bxd5 Bxd5 28. Qxd5 Re6 29. Rhf1 Qe3 1-0

[Event "Gothenburg Manhem"]
[Site "Gothenburg"]
[Date "2011.08.17"]
[Round "5"]
[White "Carlhammar, Magnus"]
[Black "Hammer, Jon Ludvig"]
[Result "0-1"]
[WhiteElo "2318"]
[BlackElo "2610"]
[PlyCount "79"]
[EventDate "2011.08.13"]
[EventType "tourn"]
[EventRounds "9"]
[EventCountry "SWE"]
[EventCategory "10"]
[SourceTitle "CBM 143 Extra"]
[Source "ChessBase"]
[SourceDate "2011.08.29"]
[SourceVersion "1"]
[SourceVersionDate "2011.08.29"]
[SourceQuality "1"]

1. Nf3 d5 2. g3 e6 3. Bg2 f5 4. 0-0 Nf6 5. c4 Be7 6. b3 0-0 7. d4 c6 8. Ba3 b6 9. Qc1 Bb7 10. Bxe7 Qxe7 11. Qa3 c5 12. Nc3 dxc4 13. bxc4 Nbd7 14. Rfd1 Rfc8 15. d5 exd5 16. cxd5 Ne8 17. Nd4 Qf6 18. Nc6 Nd6 19. Rab1 Ne5 20. Qb3 Kh8 21. Nxe5 Qxe5 22. a4 Ba6 23. e3 Bd3 24. Rbc1 c4 25. Qb4 Rc5 26. Bf1 Rac8 27. Bg2 Ne4 28. Nb5 a5 29. Qa3 Qxd5 30. Nd4 Re8 31. Bf1 Bxf1 32. Rxf1 c3 33. Rc2 Rc4 34. Qa2 Nd2 35. Rfc1 h6 36. Ra1 f4 37. Rxc3 Rxd4 38. exd4 Re1+ 39. Rxe1 Qxa2 40. Re8+ 0-1

[Event "SWE-chT 1011"]
[Site "Sweden"]
[Date "2010.10.09"]
[Round "2"]
[White "Marttala, Thomas"]
[Black "Carlhammar, Magnus"]
[Result "1/2-1/2"]
[WhiteElo "2266"]
[BlackElo "2316"]
[PlyCount "56"]
[EventDate "2010.10.08"]
[EventType "team-tourn"]
[EventRounds "11"]
[EventCountry "SWE"]
[SourceTitle "CBM 138 Extra"]
[Source "ChessBase"]
[SourceDate "2010.10.29"]
[SourceVersion "1"]
[SourceVersionDate "2010.10.29"]
[SourceQuality "1"]
[WhiteTeam "Upsala"]
[BlackTeam "Manhem"]
[WhiteTeamCountry "SWE"]
[BlackTeamCountry "SWE"]

1. Nf3 Nf6 2. c4 d6 3. g3 e5 4. Bg2 Be7 5. d4 Nbd7 6. 0-0 0-0 7. Nc3 c6 8. Qc2 Re8 9. Rd1 Bf8 10. e4 a6 11. d5 cxd5 12. cxd5 b5 13. b4 Nb6 14. a4 Nxa4 15. Nxa4 bxa4 16. Rxa4 Bd7 17. Ra1 Qb6 18. Bg5 Rec8 19. Qe2 Be7 20. Rab1 Ba4 21. Rdc1 Rxc1+ 22. Bxc1 Rc8 23. Be3 Qb5 24. Qxb5 Bxb5 25. Ne1 Bd8 26. f3 Rc3 27. Kf2 Nd7 28. Rc1 Rxc1 1/2-1/2

[Event "SWE-chT 1011"]
[Site "Sweden"]
[Date "2010.10.08"]
[Round "1"]
[White "Carlhammar, Magnus"]
[Black "Blomqvist, Erik"]
[Result "1/2-1/2"]
[WhiteElo "2316"]
[BlackElo "2449"]
[PlyCount "64"]
[EventDate "2010.10.08"]
[EventType "team-tourn"]
[EventRounds "11"]
[EventCountry "SWE"]
[SourceTitle "CBM 138 Extra"]
[Source "ChessBase"]
[SourceDate "2010.10.29"]
[SourceVersion "1"]
[SourceVersionDate "2010.10.29"]
[SourceQuality "1"]
[WhiteTeam "Manhem"]
[BlackTeam "Stockholm Rockaden"]
[WhiteTeamCountry "SWE"]
[BlackTeamCountry "SWE"]

1. Nf3 d5 2. g3 c6 3. Bg2 Bg4 4. b3 Nd7 5. Bb2 Ngf6 6. d3 e6 7. 0-0 Bc5 8. Nbd2 0-0 9. e4 dxe4 10. dxe4 e5 11. h3 Bxf3 12. Qxf3 Qe7 13. a4 Rfd8 14. Nc4 Ne8 15. Rfd1 Nd6 16. Bf1 a5 17. Bc3 Nxc4 18. Bxc4 Bd4 19. Rab1 Bxc3 20. Qxc3 Qb4 21. Qxb4 axb4 22. Rd2 Nc5 23. Rbd1 Rxd2 24. Rxd2 Kf8 25. f3 Ke7 26. Kf2 h5 27. Ke3 Rh8 28. h4 Rh6 29. Rd1 Rg6 30. Kf2 Rf6 31. Ke3 Rg6 32. Kf2 Rf6 1/2-1/2

[Event "Gothenburg Manhem-A"]
[Site "Gothenburg"]
[Date "2010.08.18"]
[Round "9"]
[White "Carlhammar, Magnus"]
[Black "Ivanov, Mikhail M"]
[Result "1-0"]
[WhiteElo "2311"]
[BlackElo "2486"]
[PlyCount "81"]
[EventDate "2010.08.10"]
[EventType "tourn"]
[EventRounds "9"]
[EventCountry "SWE"]
[EventCategory "9"]
[SourceTitle "CBM 137 Extra"]
[Source "ChessBase"]
[SourceDate "2010.09.01"]
[SourceVersion "1"]
[SourceVersionDate "2010.09.01"]
[SourceQuality "1"]

1. Nf3 d5 2. g3 Bg4 3. Bg2 Nd7 4. c4 e6 5. cxd5 exd5 6. 0-0 Ngf6 7. d3 Bd6 8. h3 Bh5 9. Nc3 c6 10. e4 0-0 11. Bg5 Qb8 12. exd5 Nxd5 13. Nxd5 cxd5 14. Qb3 Bxf3 15. Bxf3 Bxg3 16. Qxd5 Bd6 17. d4 h6 18. Bh4 Nb6 19. Qxb7 Qxb7 20. Bxb7 Rab8 21. Bc6 f5 22. f3 Rfc8 23. Rac1 Bf4 24. Rc5 Bd6 25. Rc3 Kh7 26. Bf2 Bb4 27. Rcc1 Rd8 28. a3 Bd6 29. b4 Bf4 30. Rc5 g6 31. Re1 Bd6 32. Ra5 Nc8 33. d5 h5 34. Re6 Kh6 35. Be3+ f4 36. Bxa7 Nxa7 37. Rxa7 Bf8 38. Rf7 Bg7 39. Rxf4 Bb2 40. a4 Ba3 41. b5 1-0

[Event "Gothenburg Manhem-A"]
[Site "Gothenburg"]
[Date "2010.08.14"]
[Round "5"]
[White "Carlhammar, Magnus"]
[Black "Hillarp Persson, Tiger"]
[Result "0-1"]
[WhiteElo "2311"]
[BlackElo "2538"]
[PlyCount "68"]
[EventDate "2010.08.10"]
[EventType "tourn"]
[EventRounds "9"]
[EventCountry "SWE"]
[EventCategory "9"]
[SourceTitle "CBM 137 Extra"]
[Source "ChessBase"]
[SourceDate "2010.09.01"]
[SourceVersion "1"]
[SourceVersionDate "2010.09.01"]
[SourceQuality "1"]

1. Nf3 Nf6 2. g3 e6 3. Bg2 d5 4. 0-0 b5 5. a4 b4 6. d3 c5 7. Nbd2 Nc6 8. e4 Be7 9. Re1 Bb7 10. exd5 Nxd5 11. Nc4 0-0 12. Be3 Rc8 13. Nfd2 Ba6 14. Qh5 g6 15. Qe2 Nxe3 16. fxe3 f5 17. Nb3 Bxc4 18. dxc4 Ne5 19. Nd2 Bf6 20. Rad1 Qc7 21. b3 h5 22. Nf1 Nf7 23. Rb1 Kg7 24. Red1 h4 25. Qf3 Ng5 26. Qe2 hxg3 27. hxg3 Be5 28. g4 f4 29. exf4 Bxf4 30. Qd3 Rcd8 31. Qe2 Be5 32. Rxd8 Rxd8 33. Be4 Bd4+ 34. Kg2 Rf8 0-1

[Event "Gothenburg Manhem-A"]
[Site "Gothenburg"]
[Date "2010.08.11"]
[Round "2"]
[White "Carlhammar, Magnus"]
[Black "Smith, Axel"]
[Result "1/2-1/2"]
[WhiteElo "2311"]
[BlackElo "2416"]
[PlyCount "126"]
[EventDate "2010.08.10"]
[EventType "tourn"]
[EventRounds "9"]
[EventCountry "SWE"]
[EventCategory "9"]
[SourceTitle "CBM 137 Extra"]
[Source "ChessBase"]
[SourceDate "2010.09.01"]
[SourceVersion "1"]
[SourceVersionDate "2010.09.01"]
[SourceQuality "1"]

1. d4 d5 2. c4 e6 3. Nf3 c6 4. Bg5 f6 5. Bd2 Bd6 6. Qb3 Qe7 7. g3 Nd7 8. Bg2 f5 9. 0-0 Ngf6 10. Ne1 0-0 11. Nd3 b6 12. Bf4 Bxf4 13. Nxf4 Ba6 14. Qa3 Qxa3 15. Nxa3 Kf7 16. Rac1 Rfc8 17. Rfd1 b5 18. cxb5 cxb5 19. Nc2 Bb7 20. Na1 a5 21. Nb3 a4 22. Nc5 Nxc5 23. dxc5 Nd7 24. Nd3 Rc7 25. Rc2 Ke7 26. Rdc1 Nb8 27. Nb4 Nc6 28. Nxc6+ Bxc6 29. f4 d4 30. Bxc6 Rxc6 31. Rd2 Rac8 32. Rxd4 Rxc5 33. Rxc5 Rxc5 34. Kf2 e5 35. fxe5 Rxe5 36. Kf3 Rc5 37. Rd2 Ke6 38. e4 fxe4+ 39. Kxe4 g5 40. Kf3 Rc4 41. h3 h5 42. a3 b4 43. axb4 Rxb4 44. Kf2 Ke5 45. Kg2 Kf5 46. Re2 g4 47. hxg4+ hxg4 48. Kf2 Rc4 49. Kf1 Rd4 50. Kf2 Rd3 51. Kg2 Rd5 52. Kf2 Rd6 53. Kf1 Rb6 54. Kf2 Re6 55. Rxe6 Kxe6 56. Ke2 Kd6 57. Kd2 Kc6 58. Kc2 Kc5 59. Kc3 Kb5 60. Kd3 Kb4 61. Kd2 Kc5 62. Kc3 Kd5 63. Kd3 Ke5 1/2-1/2

[Event "Gothenburg Manhem-A"]
[Site "Gothenburg"]
[Date "2010.08.10"]
[Round "1"]
[White "Kovachev, Daniel Jakobsen"]
[Black "Carlhammar, Magnus"]
[Result "1/2-1/2"]
[WhiteElo "2312"]
[BlackElo "2311"]
[PlyCount "95"]
[EventDate "2010.08.10"]
[EventType "tourn"]
[EventRounds "9"]
[EventCountry "SWE"]
[EventCategory "9"]
[SourceTitle "CBM 137 Extra"]
[Source "ChessBase"]
[SourceDate "2010.09.01"]
[SourceVersion "1"]
[SourceVersionDate "2010.09.01"]
[SourceQuality "1"]

1. d4 d5 2. Nf3 Nf6 3. e3 g6 4. c4 Bg7 5. Nc3 0-0 6. Bd3 c5 7. cxd5 Nxd5 8. 0-0 cxd4 9. exd4 Nc6 10. Be4 Be6 11. Bg5 h6 12. Be3 Nxc3 13. bxc3 Bd5 14. Bxd5 Qxd5 15. Qc1 Kh7 16. c4 Qd7 17. Rd1 Rac8 18. Qa3 b6 19. Rac1 Rfd8 20. h3 e6 21. d5 Na5 22. c5 exd5 23. cxb6 axb6 24. Bxb6 Nc4 25. Rxc4 Rxc4 26. Bxd8 Qxd8 27. Qa7 Rc7 28. Qa4 d4 29. Qb3 Rd7 30. Ne1 Qa5 31. Nd3 Qd5 32. Qxd5 Rxd5 33. Kf1 h5 34. Rc1 Rd7 35. Rc2 Ra7 36. Ke2 Ra3 37. Nc1 Ra5 38. Kd3 Rg5 39. f3 Rd5 40. Kc4 Rd8 41. Nd3 Rc8+ 42. Nc5 Kh6 43. a4 Bf8 44. Kxd4 Rd8+ 45. Ke3 Rc8 46. Kd4 Rd8+ 47. Ke4 Ra8 48. Ke3 1/2-1/2

[Event "SWE-chT 0910"]
[Site "Sweden"]
[Date "2010.02.06"]
[Round "7"]
[White "Carlhammar, Magnus"]
[Black "Engqvist, Thomas"]
[Result "1/2-1/2"]
[WhiteElo "2321"]
[BlackElo "2364"]
[PlyCount "151"]
[EventDate "2009.10.16"]
[EventType "team"]
[EventRounds "11"]
[EventCountry "SWE"]
[SourceTitle "EXT 2011"]
[Source "ChessBase"]
[SourceDate "2010.11.26"]
[SourceVersion "1"]
[SourceVersionDate "2010.11.26"]
[SourceQuality "1"]
[WhiteTeam "Manhem"]
[BlackTeam "Stockholm Rockaden"]
[WhiteTeamCountry "SWE"]
[BlackTeamCountry "SWE"]

1. Nf3 d5 2. g3 c6 3. Bg2 Bg4 4. b3 Nd7 5. Bb2 Qc7 6. c4 e6 7. d3 Ngf6 8. Nbd2 Rd8 9. Qc2 Bb4 10. 0-0 0-0 11. a3 Bxd2 12. Qxd2 dxc4 13. bxc4 e5 14. Qe3 Qb6 15. Qxb6 axb6 16. h3 Bxf3 17. Bxf3 Rfe8 18. Rfb1 Nc5 19. Bc1 e4 20. dxe4 Rd1+ 21. Kg2 Rxc1 22. Rxc1 Nb3 23. Rab1 Nxc1 24. Rxc1 Nxe4 25. Bxe4 Rxe4 26. e3 g5 27. Kf3 Re6 28. Rb1 c5 29. Rd1 Rf6+ 30. Kg2 Re6 31. Rd7 Re4 32. Rxb7 Rxc4 33. Rxb6 Rc3 34. a4 Ra3 35. Rb5 Rxa4 36. Rxc5 h6 37. g4 Kg7 38. Kg3 Ra1 39. h4 Rg1+ 40. Kf3 Kg6 41. h5+ Kf6 42. Rc6+ Kg7 43. Rc4 Kf6 44. Ra4 Kg7 45. Ke2 Kf6 46. f3 Rb1 47. Kd3 Rd1+ 48. Ke4 Re1 49. Ra6+ Kg7 50. Ra5 Kf6 51. Rf5+ Kg7 52. Ra5 Kf6 53. Ra3 Re2 54. Kd4 Rd2+ 55. Rd3 Ra2 56. e4 Ke6 57. Rb3 Ra4+ 58. Ke3 Kf6 59. Rc3 Rb4 60. f4 gxf4+ 61. Kxf4 Rb1 62. e5+ Kg7 63. Rc4 Rf1+ 64. Ke4 Rd1 65. Kf5 Rf1+ 66. Rf4 Re1 67. Rf3 Re2 68. Kf4 Re1 69. Re3 Rf1+ 70. Kg3 Rg1+ 71. Kf3 Rf1+ 72. Kg2 Ra1 73. Kg3 Rg1+ 74. Kf3 Rf1+ 75. Kg3 Rg1+ 76. Kf3 1/2-1/2

[Event "Paris-ch int"]
[Site "Paris"]
[Date "2009.07.04"]
[Round "1"]
[White "Zherebukh, Yaroslav"]
[Black "Carlhammar, Magnus"]
[Result "1-0"]
[WhiteElo "2541"]
[BlackElo "2352"]
[PlyCount "81"]
[EventDate "2009.07.04"]
[EventType "swiss"]
[EventRounds "9"]
[EventCountry "FRA"]
[SourceTitle "CBM 131 Extra"]
[Source "ChessBase"]
[SourceDate "2009.09.03"]
[SourceVersion "2"]
[SourceVersionDate "2009.09.16"]
[SourceQuality "1"]

1. e4 d6 2. d4 Nf6 3. Nc3 e5 4. Nf3 Nbd7 5. Bc4 Be7 6. 0-0 0-0 7. Re1 c6 8. a4 b6 9. b3 a6 10. Bb2 Rb8 11. Bd3 Re8 12. Na2 Qc7 13. Nb4 Ra8 14. Qd2 Bb7 15. c3 c5 16. Nc2 Rad8 17. dxe5 Nxe5 18. Nxe5 dxe5 19. Qe2 Rd7 20. f3 Red8 21. Rad1 Nh5 22. g3 f5 23. Ne3 f4 24. Nf5 Bf8 25. g4 Nf6 26. g5 Nh5 27. Bc4+ Kh8 28. Be6 Rxd1 29. Rxd1 Bc8 30. Rxd8 Qxd8 31. Bxc8 Qxc8 32. c4 Qe6 33. Qd3 Be7 34. h4 Ng3 35. Nxe7 Qxe7 36. Bxe5 h6 37. Bxf4 Nh5 38. Qd6 Qf7 39. g6 Qe8 40. Qb8 Qxb8 41. Bxb8 1-0

[Event "Reykjavik op"]
[Site "Reykjavik"]
[Date "2009.03.31"]
[Round "8"]
[White "Olafsson, Thorvadur F"]
[Black "Carlhammar, Magnus"]
[Result "0-1"]
[WhiteElo "2182"]
[BlackElo "2350"]
[PlyCount "94"]
[EventDate "2009.03.24"]
[EventType "swiss"]
[EventRounds "9"]
[EventCountry "ISL"]
[SourceTitle "CBM 129 Extra"]
[Source "ChessBase"]
[SourceDate "2009.05.05"]
[SourceVersion "2"]
[SourceVersionDate "2009.05.20"]
[SourceQuality "1"]

1. e4 c5 2. Nf3 d6 3. d4 cxd4 4. Nxd4 Nf6 5. Nc3 a6 6. Be3 e5 7. Nb3 Be6 8. f3 Be7 9. Qd2 h5 10. Nd5 Nxd5 11. exd5 Bf5 12. Bd3 Bxd3 13. Qxd3 Bh4+ 14. g3 Bg5 15. Bxg5 Qxg5 16. Na5 Qd8 17. Qa3 Qc7 18. Qb4 0-0 19. Nc4 b5 20. Nxd6 a5 21. Nxb5 Qxc2 22. Qc3 Qg6 23. Qe3 Nd7 24. 0-0 h4 25. Kg2 Rab8 26. a4 Nb6 27. Qe4 Qxe4 28. fxe4 Nxa4 29. Rxa4 Rxb5 30. gxh4 Rxb2+ 31. Rf2 Rb4 32. Rxb4 axb4 33. Rb2 Rb8 34. Rb3 Kf8 35. Kf2 Ke7 36. Ke2 Kd6 37. Kd3 f5 38. exf5 Kxd5 39. Rb1 e4+ 40. Kc2 Ke5 41. Rf1 b3+ 42. Kb2 e3 43. f6 gxf6 44. Rf3 Ke4 45. Rxf6 Re8 46. Kc3 e2 47. Kd2 Rb8 0-1

[Event "Reykjavik op"]
[Site "Reykjavik"]
[Date "2009.03.25"]
[Round "2"]
[White "Nataf, Igor Alexandre"]
[Black "Carlhammar, Magnus"]
[Result "1/2-1/2"]
[WhiteElo "2533"]
[BlackElo "2350"]
[PlyCount "57"]
[EventDate "2009.03.24"]
[EventType "swiss"]
[EventRounds "9"]
[EventCountry "ISL"]
[SourceTitle "CBM 129 Extra"]
[Source "ChessBase"]
[SourceDate "2009.05.05"]
[SourceVersion "2"]
[SourceVersionDate "2009.05.20"]
[SourceQuality "1"]

1. e4 e5 2. Nf3 Nc6 3. Bc4 Bc5 4. d3 Nf6 5. Nc3 d6 6. Bg5 h6 7. Bh4 Nd4 8. Nd5 Bg4 9. c3 Nxf3+ 10. gxf3 Bh5 11. d4 g5 12. Bg3 exd4 13. cxd4 Bb6 14. Nxb6 axb6 15. Qb3 d5 16. exd5 0-0 17. Be5 b5 18. Bxb5 Qxd5 19. Bc4 Qxf3 20. Rg1 Nd7 21. Qxf3 Bxf3 22. Rg3 Nxe5 23. dxe5 g4 24. Be2 Bxe2 25. Kxe2 h5 26. h3 Rfe8 27. hxg4 Rxe5+ 28. Kf3 hxg4+ 29. Rxg4+ 1/2-1/2

[Event "SWE-chT 0809"]
[Site "Sweden"]
[Date "2009.03.15"]
[Round "11"]
[White "Carlhammar, Magnus"]
[Black "Grandelius, Nils"]
[Result "1/2-1/2"]
[WhiteElo "2371"]
[BlackElo "2525"]
[PlyCount "118"]
[EventDate "2008.10.25"]
[EventType "team-tourn"]
[EventRounds "11"]
[EventCountry "SWE"]
[SourceTitle "EXT 2011"]
[Source "ChessBase"]
[SourceDate "2010.11.26"]
[SourceVersion "1"]
[SourceVersionDate "2010.11.26"]
[SourceQuality "1"]

1. d4 Nf6 2. Nf3 e6 3. g3 d5 4. Bg2 c5 5. c4 cxd4 6. 0-0 dxc4 7. Qxd4 Qxd4 8. Nxd4 a6 9. Nd2 Bc5 10. Nc2 Ra7 11. Nxc4 b5 12. Na5 Ke7 13. Be3 Bxe3 14. Nxe3 e5 15. a4 Be6 16. Bb7 Rd8 17. Rfd1 Rxd1+ 18. Rxd1 bxa4 19. Bc6 Rc7 20. Bxa4 g6 21. f3 Nbd7 22. b4 Rc3 23. Kf2 Nb6 24. Bc6 Bd7 25. Bxd7 Nfxd7 26. Ra1 Nf6 27. Nb7 Nbd5 28. Nxd5+ Nxd5 29. Nc5 Nxb4 30. Nxa6 Nc6 31. Ra2 e4 32. fxe4 Ne5 33. Nb4 Ng4+ 34. Kg2 Rc4 35. Nd5+ Kf8 36. h3 Ne5 37. Kf2 Rxe4 38. Nf4 Kg7 39. Rc2 h5 40. Nd3 h4 41. Nxe5 hxg3+ 42. Kxg3 Rxe5 43. Kf3 Rh5 44. Kg3 Ra5 45. Rc3 Kh6 46. Rf3 f5 47. Rb3 Ra4 48. e3 Kh5 49. Rc3 Re4 50. Rd3 Re8 51. Ra3 g5 52. Kf3 Kh4 53. Ra7 Rh8 54. Kg2 Kh5 55. Ra5 Rf8 56. Kg3 Rf7 57. Rb5 Re7 58. Rxf5 Rxe3+ 59. Rf3 Rxf3+ 1/2-1/2

[Event "Gibraltar Masters 7th"]
[Site "Gibraltar"]
[Date "2009.02.01"]
[Round "6"]
[White "Carlhammar, Magnus"]
[Black "Erdelyi, Tamas"]
[Result "1-0"]
[WhiteElo "2350"]
[BlackElo "2152"]
[PlyCount "93"]
[EventDate "2009.01.27"]
[EventType "swiss"]
[EventRounds "10"]
[EventCountry "ENG"]
[SourceTitle "CBM 128 Extra"]
[Source "ChessBase"]
[SourceDate "2009.03.05"]
[SourceVersion "2"]
[SourceVersionDate "2009.03.25"]
[SourceQuality "1"]

1. Nf3 c5 2. c4 b6 3. g3 Bb7 4. Bg2 Nf6 5. 0-0 g6 6. Nc3 Bg7 7. d4 cxd4 8. Qxd4 d6 9. Rd1 Nbd7 10. Be3 Rc8 11. Rac1 0-0 12. Qh4 Bxf3 13. exf3 Re8 14. b3 Qc7 15. f4 Qb8 16. g4 Nc5 17. g5 Nfd7 18. Qh3 Nf8 19. f5 Ncd7 20. Ne4 gxf5 21. Qxf5 a6 22. Ng3 b5 23. Qe4 Nc5 24. Qg4 Ng6 25. Nf5 Ne5 26. Qh5 bxc4 27. Nxg7 Kxg7 28. Bd4 Kg8 29. bxc4 Ng6 30. Qh6 e5 31. Bxc5 Rxc5 32. Bd5 Re7 33. Rc3 Qc8 34. Rb1 Nf4 35. Rcb3 Qg4+ 36. Rg3 Ne2+ 37. Kg2 Nxg3 38. hxg3 Qf5 39. Rb3 e4 40. Qxd6 Rec7 41. Qxa6 Qxg5 42. Rb8+ Kg7 43. Qa8 Qe7 44. Rg8+ Kf6 45. Re8 Qd6 46. Rxe4 Rc8 47. Qb7 1-0

[Event "FRA-ch blitz"]
[Site "Paris"]
[Date "2009.01.25"]
[Round "5"]
[White "Carlhammar, Magnus"]
[Black "Bareev, Evgeny"]
[Result "0-1"]
[WhiteElo "2354"]
[BlackElo "2635"]
[PlyCount "57"]
[EventDate "2009.01.25"]
[EventType "swiss (blitz)"]
[EventRounds "13"]
[EventCountry "FRA"]
[SourceTitle "EXT 2011"]
[Source "ChessBase"]
[SourceDate "2010.11.26"]
[SourceVersion "1"]
[SourceVersionDate "2010.11.26"]
[SourceQuality "1"]

1. Nf3 d5 2. g3 c6 3. Bg2 Nf6 4. 0-0 Bg4 5. b3 Nbd7 6. Bb2 e6 7. d3 Be7 8. Nbd2 0-0 9. h3 Bh5 10. e4 a5 11. a3 Qb6 12. Rb1 Rfd8 13. Qe1 h6 14. Kh1 Bg6 15. Nh4 Bh7 16. f4 dxe4 17. dxe4 Nc5 18. Nc4 Qa6 19. f5 a4 20. Qe3 axb3 21. cxb3 Rd3 22. Qe2 Rxb3 23. e5 Nd5 24. f6 Bf8 25. Rbc1 g5 26. Bxd5 cxd5 27. Nf5 exf5 28. e6 Nxe6 29. Ra1 0-1

[Event "Paris-ch op"]
[Site "Paris"]
[Date "2008.07.04"]
[Round "7"]
[White "Carlhammar, Magnus"]
[Black "Maisuradze, Nino"]
[Result "0-1"]
[WhiteElo "2324"]
[BlackElo "2267"]
[PlyCount "90"]
[EventDate "2008.06.28"]
[EventType "swiss"]
[EventRounds "9"]
[EventCountry "FRA"]
[SourceTitle "CBM 125 Extra"]
[Source "ChessBase"]
[SourceDate "2008.09.01"]
[SourceVersion "1"]
[SourceVersionDate "2008.09.01"]
[SourceQuality "1"]

1. d4 d5 2. c4 e6 3. Nf3 Nf6 4. g3 dxc4 5. Bg2 Nc6 6. Qa4 Bd7 7. Qxc4 Rc8 8. 0-0 Na5 9. Qd3 c5 10. Nc3 c4 11. Qc2 b5 12. e4 b4 13. e5 bxc3 14. exf6 cxb2 15. fxg7 bxa1N 16. gxh8Q Nxc2 17. Ng5 Ba4 18. d5 exd5 19. Qe5+ Qe7 20. Qxd5 Rc5 21. Qa8+ Qd8 22. Qxa7 Rxg5 23. Bxg5 Qxg5 24. Rd1 Be7 25. h4 Qf6 26. Qxa5 Bc6 27. Bxc6+ Qxc6 28. Qc3 Qe4 29. Rd2 Bb4 30. Qh8+ Ke7 31. Qd8+ Ke6 32. Qe8+ Be7 33. Qc8+ Kf6 34. Qh8+ Ke6 35. Qc8+ Kf6 36. Qh8+ Ke6 37. Kf1 Qe1+ 38. Kg2 Qxd2 39. Qc8+ Kf6 40. Qh8+ Ke6 41. Qc8+ Ke5 42. Qh8+ f6 43. Qb8+ Qd6 44. f4+ Kd4 45. Qa7+ Kd3 0-1

[Event "Paris-ch op"]
[Site "Paris"]
[Date "2008.06.29"]
[Round "2"]
[White "Guliyev, Namig"]
[Black "Carlhammar, Magnus"]
[Result "1/2-1/2"]
[WhiteElo "2542"]
[BlackElo "2324"]
[PlyCount "170"]
[EventDate "2008.06.28"]
[EventType "swiss"]
[EventRounds "9"]
[EventCountry "FRA"]
[SourceTitle "CBM 125 Extra"]
[Source "ChessBase"]
[SourceDate "2008.09.01"]
[SourceVersion "1"]
[SourceVersionDate "2008.09.01"]
[SourceQuality "1"]

1. e4 e5 2. Nf3 Nc6 3. Bb5 a6 4. Ba4 Nf6 5. 0-0 Be7 6. Re1 b5 7. Bb3 d6 8. c3 0-0 9. h3 Na5 10. Bc2 c5 11. d4 Qc7 12. d5 Nb7 13. Nbd2 Nd8 14. Nf1 Ne8 15. a4 Rb8 16. g4 f6 17. Ng3 g6 18. axb5 axb5 19. Kh2 Nf7 20. Be3 Ng7 21. b4 Bd7 22. Qd2 Ra8 23. Rec1 c4 24. Qd1 Qb7 25. Ne1 Rxa1 26. Rxa1 Ra8 27. Ng2 Rxa1 28. Qxa1 Bc8 29. Qa7 Qxa7 30. Bxa7 Ng5 31. Ne1 Ne8 32. Be3 Nf7 33. Kg2 Bf8 34. Kf3 Ng5+ 35. Kg2 Nf7 36. f3 Bh6 37. Bxh6 Nxh6 38. Kf2 Kf8 39. Ng2 Nf7 40. Ne3 Ke7 41. h4 Ng7 42. Ngf1 Bd7 43. Nd2 Ne8 44. Kg3 Ng7 45. f4 exf4+ 46. Kxf4 h5 47. g5 fxg5+ 48. hxg5 h4 49. Bd1 Ne5 50. Be2 Kf7 51. Ndf1 Nh5+ 52. Bxh5 Nd3+ 53. Kf3 gxh5 54. Nf5 Kg6 55. Nxd6 Kxg5 56. Nb7 Ne5+ 57. Ke3 Bh3 58. Nh2 Bg2 59. Nc5 h3 60. d6 Kf6 61. Kd4 Nc6+ 62. Kd5 Nd8 63. Kd4 Nc6+ 64. Ke3 Ne5 65. Kf4 Ng6+ 66. Kg3 Ne5 67. Kf4 Ng6+ 68. Ke3 Ne5 69. Ke2 Nf7 70. Ke3 Nxd6 71. Kf4 Nf7 72. Na6 Ne5 73. Nc7 Nd3+ 74. Ke3 Ne5 75. Kf4 Ng4 76. Kg3 Nxh2 77. Kxh2 Ke5 78. Nxb5 Kxe4 79. Kg3 Kd3 80. Kh2 Bc6 81. Na7 Bg2 82. Nb5 h4 83. Nd6 Kxc3 84. b5 Kb4 85. Nxc4 Kxc4 1/2-1/2